Law made simple / (Record no. 4653)

MARC details
000 -LEADER
fixed length control field 00833cam a2200193 i 4500
020 ## - INTERNATIONAL STANDARD BOOK NUMBER
ISBN 0750639148
020 ## - INTERNATIONAL STANDARD BOOK NUMBER
ISBN 9780750639148
020 ## - INTERNATIONAL STANDARD BOOK NUMBER
ISBN 9780750626804
050 00 - CALL NUMBER
Classification number KD442
Item number .B37
100 1# - AUTHOR
Personal name Barker, David,
245 10 - TITLE
Title Law made simple /
Statement of responsibility, etc D.L.A. Barker, AM, LLB, MPhil, LLM, DipLG, GradDipLegPrac, FAAL, FACIS, FCIS, FCI Mgt, FAIM, FACE, FAICD.
250 ## - EDITION
Edition statement 9th ed.
260 ## - PUBLICATION INFORMATION
Place of publication Oxford :
Name of publisher Made Simple Books,
Year of publication ©1998, 2001.
300 ## - DESCRIPTION
Number of Pages xxxiii, 384 pages :
Other physical details illustrations ;
Dimensions 25 cm
500 ## - NOTES
General note Includes index.
505 ## - FORMATTED CONTENTS NOTE
Table of Content Historical sources of law; legal sources; the court system today; the judiciary; law offices and the legal profession; outline of the law of persons; the law of contract; the law of torts; the law of property; the law of succession; criminal law; procedure.
650 #0 - SUBJECTS
Topical Term Law
942 ## - ADDED ENTRY ELEMENTS (KOHA)
Koha item type Books
Holdings
Withdrawn status Lost status Collection code Home library Current library Shelving location Date acquired Full call number Accession Number Koha item type
    Reference Methodist University Law Library Methodist University Law Library General Stacks   KD442 .B37 11813 Reference
    Reference Methodist University Law Library Methodist University Law Library General Stacks   KD442 .B37 11814 Reference
    Reference Methodist University Law Library Methodist University Law Library General Stacks   KD442 .B37 11815 Reference
Copyright © 2026  MUG Library